Glycomicrobiology

Gespeichert in:
Bibliographische Detailangaben
1. Verfasser: Glycomicrobiology
Format: Buch
Sprache:Undetermined
Veröffentlicht: New York Kluwer Academic 1999
Schlagworte:
Tags: Tag hinzufügen
Keine Tags, Fügen Sie den ersten Tag hinzu!
Thư viện lưu trữ: Trung tâm Học liệu Trường Đại học Cần Thơ
LEADER 00493nam a2200169Ia 4500
001 CTU_48840
008 210402s9999 xx 000 0 und d
082 |a 572.567293 
082 |b G568 
100 |a Glycomicrobiology 
245 0 |a Glycomicrobiology 
245 0 |c Glycomicrobiology, Ron J. Doyle 
260 |a New York 
260 |b Kluwer Academic 
260 |c 1999 
650 |a glycoconjugates,glycoproteins,microbial metabolism 
980 |a Trung tâm Học liệu Trường Đại học Cần Thơ